| 000 | 00797cam a22002533a 4500 | ||
|---|---|---|---|
| 001 | 10208 | ||
| 003 | PGUSA | ||
| 005 | 20140828083221.0 | ||
| 008 | 031101s2003||||xxu|||||s|||||000 | eng d | ||
| 040 |
_aPGUSA _beng |
||
| 042 | _adc | ||
| 050 | 4 | _aHD | |
| 100 | 1 |
_aTaft, William H. _q(William Howard), _d1857-1930 |
|
| 245 | 1 | 4 |
_aThe Rights of Labor _h[electronic resource] / _cWilliam H. Taft |
| 260 |
_bProject Gutenberg, _c2003 |
||
| 500 | _aRecorded Aug 3, 1908, at the Homestead Hotel of Hot Springs, Virginia. | ||
| 506 | _aPublic domain in the USA. | ||
| 516 | _aElectronic text | ||
| 653 | _aLabor unions -- United States | ||
| 653 | _aIndustrial relations -- United States | ||
| 830 | 0 |
_aProject Gutenberg _v10208 |
|
| 856 | 4 | 0 | _uhttp://www.gutenberg.org/ebooks/10208 |
| 942 | _cEB | ||
| 999 |
_c239463 _d239463 |
||